[Event "36. Copenhagen Open (Politiken Cup)"]
[Site "Elsinore"]
[Date "2014.07.21"]
[Round "1"]
[White "Edwardsson, Hannu Kalervo"]
[Black "Koetz, Andreas"]
[Result "0-1"]
[WhiteElo "1455"]
[BlackElo "2031"]
[PlyCount "54"]
[EventDate "2014.07.21"]
[EventType "swiss"]
[EventRounds "10"]
[EventCountry "DEN"]
[Source "ChessBase"]
[SourceDate "2014.08.29"]

1. e4 c5 2. c4 Nc6 3. Nf3 g6 4. Be2 Bg7 5. Nc3 e6 6. O-O Nge7 7. d3 O-O 8. Rb1
b6 9. Be3 d5 10. Bf4 d4 11. Na4 e5 12. Bg3 f5 13. exf5 gxf5 14. Bh4 Qd6 15.
Bxe7 Qxe7 16. b3 Bb7 17. a3 e4 18. dxe4 fxe4 19. Nd2 Ne5 20. Nb2 Qg5 21. Kh1 d3
22. f4 Rxf4 23. Rxf4 dxe2 24. Qxe2 Qxf4 25. Rf1 Qh4 26. Qf2 Qxf2 27. Rxf2 e3
0-1

[Event "36. Copenhagen Open (Politiken Cup)"]
[Site "Elsinore"]
[Date "2014.07.21"]
[Round "1"]
[White "Englert, Fabian"]
[Black "Hoti, Nimon"]
[Result "1-0"]
[WhiteElo "2304"]
[BlackElo "1887"]
[PlyCount "87"]
[EventDate "2014.07.21"]
[EventType "swiss"]
[EventRounds "10"]
[EventCountry "DEN"]
[Source "ChessBase"]
[SourceDate "2014.08.29"]

1. g3 Nf6 2. Bg2 d6 3. d4 c6 4. e4 g6 5. Ne2 Bg7 6. O-O Qc7 7. Nbc3 Be6 8. b3
h5 9. Bf4 Qd7 10. h4 Bh3 11. Qd2 Bxg2 12. Kxg2 Qc7 13. e5 Nd5 14. Nxd5 cxd5 15.
exd6 exd6 16. Qe3+ Qe7 17. Bxd6 Qe4+ 18. Qxe4+ dxe4 19. Rad1 Kd7 20. Be5 f6 21.
Bxb8 Raxb8 22. c4 Bh6 23. f3 Rbe8 24. fxe4 Rxe4 25. Nc3 Re6 26. Nd5 f5 27. Rfe1
Rhe8 28. Rxe6 Rxe6 29. Kf3 Kd6 30. Nf4 Bxf4 31. Kxf4 Re4+ 32. Kf3 Kd7 33. Rd3
Kd6 34. d5 Rg4 35. c5+ Kd7 36. d6 Rb4 37. a3 Rb5 38. b4 a5 39. Rd4 axb4 40.
axb4 f4 41. Kxf4 Kd8 42. Ke5 b6 43. Ke6 bxc5 44. Rf4 1-0

[Event "36. Copenhagen Open (Politiken Cup)"]
[Site "Elsinore"]
[Date "2014.07.21"]
[Round "1"]
[White "Fries Nielsen, Jens Ove"]
[Black "Hyldkrog, Lars"]
[Result "1-0"]
[WhiteElo "2398"]
[BlackElo "1963"]
[PlyCount "81"]
[EventDate "2014.07.21"]
[EventType "swiss"]
[EventRounds "10"]
[EventCountry "DEN"]
[Source "ChessBase"]
[SourceDate "2014.08.29"]

1. d4 Nf6 2. Bg5 Ne4 3. h4 d5 4. Nd2 Bf5 5. Nxe4 Bxe4 6. f3 Bf5 7. g4 Bd7 8. e4
h6 9. Be3 e6 10. exd5 exd5 11. Qd2 Nc6 12. O-O-O Qe7 13. Re1 Be6 14. f4 O-O-O
15. f5 Bd7 16. Bxh6 Qb4 17. Bg5 f6 18. Be3 Qa4 19. Kb1 Bd6 20. Ne2 Rde8 21. Bg2
Ne7 22. Nc3 Qa5 23. Nxd5 Qxd2 24. Nxe7+ Rxe7 25. Bxd2 Rxe1+ 26. Bxe1 Re8 27.
Bd5 Re2 28. Kc1 c6 29. Bf3 Re3 30. Rf1 c5 31. Bd2 Re8 32. dxc5 Bxc5 33. Re1 Bf2
34. Rxe8+ Bxe8 35. h5 Bd4 36. Bf4 Bf7 37. c3 Bb6 38. g5 Bxa2 39. gxf6 gxf6 40.
h6 Bg8 41. Bh5 1-0

[Event "36. Copenhagen Open (Politiken Cup)"]
[Site "Elsinore"]
[Date "2014.07.21"]
[Round "1"]
[White "Fries Nielsen, Niels Jorgen"]
[Black "Jarlnaes, Erik"]
[Result "1-0"]
[WhiteElo "2297"]
[BlackElo "1892"]
[PlyCount "87"]
[EventDate "2014.07.21"]
[EventType "swiss"]
[EventRounds "10"]
[EventCountry "DEN"]
[Source "ChessBase"]
[SourceDate "2014.08.29"]

1. e4 e6 2. d3 d5 3. Nd2 c5 4. Ngf3 Nc6 5. Be2 Bd6 6. O-O Nge7 7. Re1 O-O 8.
Bf1 Ng6 9. c3 b6 10. a3 Ba6 11. Qa4 Qc8 12. b4 b5 13. Qd1 Qc7 14. bxc5 Bxc5 15.
d4 Be7 16. a4 Qb6 17. Qe2 b4 18. Qxa6 Qxa6 19. Bxa6 bxc3 20. Bb7 Nb4 21. Bxa8
Rxa8 22. Nb3 Nc2 23. exd5 exd5 24. Rb1 Nxe1 25. Nxe1 Rb8 26. Nd2 Bb4 27. Nf1 a5
28. Nc2 Ne7 29. Nfe3 f5 30. g3 Kf7 31. Kf1 Ke6 32. Ke2 g5 33. Kd3 f4 34. Nd1
fxg3 35. hxg3 Kf5 36. Nce3+ Ke6 37. Nxc3 Rf8 38. Ncd1 h5 39. Ng2 Rf5 40. Be3
Nc6 41. Nc3 Be7 42. Rh1 h4 43. gxh4 gxh4 44. Rh2 1-0

[Event "36. Copenhagen Open (Politiken Cup)"]
[Site "Elsinore"]
[Date "2014.07.21"]
[Round "1"]
[White "Frisk, Hans"]
[Black "Bremer, Erik"]
[Result "1-0"]
[WhiteElo "2042"]
[BlackElo "1498"]
[PlyCount "109"]
[EventDate "2014.07.21"]
[EventType "swiss"]
[EventRounds "10"]
[EventCountry "DEN"]
[Source "ChessBase"]
[SourceDate "2014.08.29"]

1. Nf3 Nf6 2. g3 d5 3. Bg2 c5 4. O-O e6 5. c4 Be7 6. b3 O-O 7. Bb2 Nc6 8. e3
dxc4 9. bxc4 Qb6 10. Qc2 Rd8 11. d4 cxd4 12. exd4 Bd7 13. Rd1 Rac8 14. Nbd2 Nb4
15. Qb3 Qa6 16. Bf1 Ba4 17. Qa3 Bxd1 18. Rxd1 Qxa3 19. Bxa3 Bf8 20. Rb1 a5 21.
Bb2 Nc2 22. Bc3 Bb4 23. Bxb4 Nxb4 24. a3 Nc2 25. Rxb7 Nxd4 26. Ne5 Nc6 27. Ndf3
Nxe5 28. Nxe5 Rf8 29. Rb5 a4 30. Rb4 Rc5 31. Nd3 Ra5 32. Bg2 g6 33. Kf1 Ng4 34.
h3 Rd8 35. Ke2 Ne5 36. Nb2 Rc5 37. Rxa4 Rb8 38. Rb4 Rxb4 39. axb4 Rxc4 40. Nxc4
Nxc4 41. Kd3 Nd6 42. Kd4 Kf8 43. Kc5 Ke7 44. Kc6 e5 45. b5 f5 46. Bd5 g5 47. b6
h5 48. Kc5 f4 49. b7 Nxb7+ 50. Bxb7 fxg3 51. fxg3 Ke6 52. Be4 g4 53. h4 Ke7 54.
Kd5 Kf6 55. Kd6 1-0

[Event "36. Copenhagen Open (Politiken Cup)"]
[Site "Elsinore"]
[Date "2014.07.21"]
[Round "1"]
[White "Gao, Rui"]
[Black "Green, Per"]
[Result "1-0"]
[WhiteElo "2529"]
[BlackElo "1984"]
[PlyCount "77"]
[EventDate "2014.07.21"]
[EventType "swiss"]
[EventRounds "10"]
[EventCountry "DEN"]
[Source "ChessBase"]
[SourceDate "2014.08.29"]

1. e4 e6 2. d4 d5 3. Nc3 Bb4 4. e5 c5 5. a3 Bxc3+ 6. bxc3 Qa5 7. Bd2 Qa4 8. Qg4
Kf8 9. Qd1 Nc6 10. Nf3 b6 11. h4 Nge7 12. h5 h6 13. Rh4 cxd4 14. Rb1 Bd7 15.
cxd4 Na5 16. Bb4 Rc8 17. Rb2 Nc4 18. Bxc4 Rxc4 19. Rf4 Ke8 20. Nd2 Rc8 21. Rb3
a5 22. Bxe7 Kxe7 23. Qg4 Rhg8 24. Qh4+ Kf8 25. c3 Qc6 26. Rf3 Qc7 27. Qf4 Be8
28. Kf1 Qc6 29. Kg1 b5 30. Rb1 Rb8 31. Nb3 Qc7 32. Nc5 Qe7 33. a4 Bc6 34. axb5
Rxb5 35. Rxb5 Bxb5 36. Qc1 Be2 37. Rf4 Ke8 38. Qb2 Bxh5 39. Qb5+ 1-0

[Event "36. Copenhagen Open (Politiken Cup)"]
[Site "Elsinore"]
[Date "2014.07.21"]
[Round "1"]
[White "Hagen, Thorolf"]
[Black "Collareta, Giovanni"]
[Result "0-1"]
[WhiteElo "1658"]
[BlackElo "2095"]
[PlyCount "82"]
[EventDate "2014.07.21"]
[EventType "swiss"]
[EventRounds "10"]
[EventCountry "DEN"]
[Source "ChessBase"]
[SourceDate "2014.08.29"]

1. e4 c5 2. Nf3 d6 3. b4 b6 4. c4 Nf6 5. Qc2 e6 6. Bb2 Be7 7. Be2 O-O 8. b5
Nbd7 9. O-O Bb7 10. Nc3 Re8 11. Rad1 a6 12. a4 axb5 13. axb5 Qc7 14. Ra1 Rec8
15. Rxa8 Rxa8 16. Ra1 Qd8 17. d4 Rxa1+ 18. Bxa1 Qa8 19. Bb2 Nxe4 20. Bd3 Ndf6
21. Ne2 Ng4 22. d5 exd5 23. Bxe4 dxe4 24. Nd2 Bf6 25. h3 Bxb2 26. Qxb2 Ne5 27.
Nf4 Qa4 28. Qc3 Qd1+ 29. Kh2 h6 30. Qe3 Qc1 31. Nh5 Ng6 32. Ng3 Qc2 33. Ngxe4
Bxe4 34. Nxe4 Qxc4 35. g3 Qe6 36. Qd3 Ne5 37. Qd1 d5 38. Nc3 d4 39. Ne4 Qf5 40.
f4 Qxe4 41. fxe5 d3 0-1

[Event "36. Copenhagen Open (Politiken Cup)"]
[Site "Elsinore"]
[Date "2014.07.21"]
[Round "1"]
[White "Hansen, Ole Foss"]
[Black "Lauritsen, Martin Lee"]
[Result "0-1"]
[WhiteElo "1766"]
[BlackElo "2143"]
[PlyCount "100"]
[EventDate "2014.07.21"]
[EventType "swiss"]
[EventRounds "10"]
[EventCountry "DEN"]
[Source "ChessBase"]
[SourceDate "2014.08.29"]

1. d4 Nf6 2. c4 e6 3. Nc3 Bb4 4. Bg5 c5 5. d5 d6 6. Qd3 e5 7. e4 h6 8. Bd2 O-O
9. Be2 Re8 10. Nf3 Nbd7 11. O-O Nf8 12. Rfe1 Ng6 13. g3 Bh3 14. Bf1 Bxf1 15.
Qxf1 Qd7 16. a3 Bxc3 17. Bxc3 Nh5 18. Re3 f5 19. Qh3 Nf6 20. exf5 Ne7 21. g4 b5
22. g5 hxg5 23. Nxg5 Qxf5 24. Qxf5 Nxf5 25. Rf3 g6 26. Ne6 Re7 27. b4 bxc4 28.
bxc5 Nxd5 29. Ng5 dxc5 30. Rd1 Nd4 31. Bxd4 exd4 32. Rg3 Nc3 33. Rxc3 dxc3 34.
Rc1 Re5 35. Nf3 Rd5 36. Ne1 Re8 37. Kf1 Rd2 38. Rxc3 Rd1 39. Re3 Rxe3 40. fxe3
Ra1 41. Ke2 Rxa3 42. Nc2 Rd3 43. Ne1 Rd6 44. e4 c3 45. h4 c4 46. Ke3 a5 47. e5
Rd2 48. Nf3 Rd3+ 49. Ke2 c2 50. e6 c1=Q 0-1

[Event "36. Copenhagen Open (Politiken Cup)"]
[Site "Elsinore"]
[Date "2014.07.21"]
[Round "1"]
[White "Hansen, Verner"]
[Black "Levushkina, Elena"]
[Result "0-1"]
[WhiteElo "1888"]
[BlackElo "2310"]
[PlyCount "58"]
[EventDate "2014.07.21"]
[EventType "swiss"]
[EventRounds "10"]
[EventCountry "DEN"]
[Source "ChessBase"]
[SourceDate "2014.08.29"]

1. e4 c5 2. Nc3 Nc6 3. d3 d6 4. g3 g6 5. Bg2 Bg7 6. Nge2 Rb8 7. O-O e6 8. Rb1
b5 9. a3 Nge7 10. b4 cxb4 11. axb4 O-O 12. d4 a5 13. bxa5 b4 14. Na4 Qxa5 15.
Nb2 Ba6 16. d5 exd5 17. exd5 Ne5 18. Re1 Nf5 19. Bf4 Rfe8 20. Bxe5 Bxe5 21. Nd3
Bg7 22. Qd2 Bc3 23. Nxc3 bxc3 24. Rxe8+ Rxe8 25. Qf4 Bxd3 26. cxd3 c2 27. Rc1
Re1+ 28. Bf1 Rxc1 29. Qxc1 Qc3 0-1

[Event "36. Copenhagen Open (Politiken Cup)"]
[Site "Elsinore"]
[Date "2014.07.21"]
[Round "1"]
[White "Hardlei, Johan"]
[Black "Moe, Mogens"]
[Result "1/2-1/2"]
[WhiteElo "1884"]
[BlackElo "2274"]
[PlyCount "121"]
[EventDate "2014.07.21"]
[EventType "swiss"]
[EventRounds "10"]
[EventCountry "DEN"]
[Source "ChessBase"]
[SourceDate "2014.08.29"]

1. e4 c5 2. Nc3 Nc6 3. f4 d6 4. Nf3 g6 5. Bb5 Bd7 6. Bc4 Bg7 7. O-O Nd4 8. Nxd4
Bxd4+ 9. Kh1 Nf6 10. f5 gxf5 11. exf5 Bc6 12. Bb5 Qb6 13. Bxc6+ Qxc6 14. Qf3
Rg8 15. Qxc6+ bxc6 16. Ne2 Be5 17. c3 d5 18. d3 Rb8 19. b3 Kd7 20. h3 h5 21.
Be3 Bd6 22. Rab1 a5 23. c4 d4 24. Bd2 Rb7 25. Rb2 a4 26. Rfb1 Rgb8 27. Bc1 Kc8
28. bxa4 Rxb2 29. Rxb2 Ra8 30. Rb1 Rxa4 31. a3 e5 32. fxe6 fxe6 33. Bb2 e5 34.
Rf1 Be7 35. Nc1 e4 36. Re1 exd3 37. Nxd3 Bd8 38. Re6 Rxc4 39. Rxc6+ Kb7 40.
Rxc5 Rxc5 41. Nxc5+ Kc6 42. Ne6 d3 43. Nxd8+ Kd7 44. Bc3 Ne4 45. Nf7 d2 46.
Bxd2 Nxd2 47. Ng5 Kc6 48. Kg1 Kb5 49. Kf2 Nc4 50. Ne6 Nxa3 51. Ng7 Kc6 52. Kg3
Kd7 53. Kh4 Ke7 54. Kxh5 Kf7 55. Nf5 Nc4 56. g4 Ne5 57. g5 Ke6 58. g6 Kxf5 59.
g7 Nd7 60. h4 Nf6+ 61. Kh6 1/2-1/2

[Event "36. Copenhagen Open (Politiken Cup)"]
[Site "Elsinore"]
[Date "2014.07.21"]
[Round "1"]
[White "Haubro, Martin"]
[Black "Mozelius, Peter"]
[Result "1-0"]
[WhiteElo "2224"]
[BlackElo "1847"]
[PlyCount "155"]
[EventDate "2014.07.21"]
[EventType "swiss"]
[EventRounds "10"]
[EventCountry "DEN"]
[Source "ChessBase"]
[SourceDate "2014.08.29"]

1. e4 g6 2. d4 Bg7 3. Nc3 d6 4. Be3 a6 5. a4 b6 6. g3 Bb7 7. Bg2 Nd7 8. Nge2 c5
9. O-O Qc7 10. h3 Ngf6 11. f4 cxd4 12. Bxd4 O-O 13. Qd2 Nc5 14. b4 Ncxe4 15.
Bxe4 Nxe4 16. Nxe4 e5 17. fxe5 dxe5 18. Bc5 bxc5 19. Nxc5 Rad8 20. Qe3 Ba8 21.
Kh2 Qc6 22. Rf2 h5 23. c4 Rd6 24. b5 axb5 25. axb5 Qc8 26. Nc3 Rd4 27. N3a4 Bb7
28. Qb3 e4 29. Re1 h4 30. gxh4 e3 31. Rxe3 Rxh4 32. Nxb7 Qxb7 33. Ref3 Qc7+ 34.
Kg2 Bd4 35. Re2 Qd8 36. c5 Qg5+ 37. Rg3 Qf6 38. Qc2 Be5 39. Rf3 Qg5+ 40. Kf1
Bd4 41. Rg2 Qd5 42. Qb3 Qe4 43. Re2 Qa8 44. Re7 Rf4 45. Rxf4 Qh1+ 46. Ke2 Qh2+
47. Kd3 Qxf4 48. Qd5 Bf6 49. Re4 Qf1+ 50. Kc2 Rd8 51. Qxd8+ Bxd8 52. Re8+ Kg7
53. Rxd8 Qc4+ 54. Nc3 Qxc5 55. Rd1 Qf5+ 56. Rd3 Qf2+ 57. Kb3 Qf5 58. Rd5 Qxh3
59. b6 Qe6 60. b7 Qe8 61. Rb5 Qb8 62. Ne4 f5 63. Nc5 Qg3+ 64. Ka4 Qf4+ 65. Rb4
Qb8 66. Na6 Qe8+ 67. Rb5 Qe4+ 68. Nb4 Qb1 69. b8=Q Qa1+ 70. Kb3 Qb1+ 71. Kc4
Qc1+ 72. Kd5 Qd2+ 73. Kc6 Qc3+ 74. Kb7 Qf3+ 75. Ka7 Qa3+ 76. Na6 Kh6 77. Qf4+
Kh5 78. Rb7 1-0

[Event "36. Copenhagen Open (Politiken Cup)"]
[Site "Elsinore"]
[Date "2014.07.21"]
[Round "1"]
[White "Haugli, Petter"]
[Black "Helin, Mikael"]
[Result "1-0"]
[WhiteElo "2286"]
[BlackElo "1885"]
[PlyCount "75"]
[EventDate "2014.07.21"]
[EventType "swiss"]
[EventRounds "10"]
[EventCountry "DEN"]
[Source "ChessBase"]
[SourceDate "2014.08.29"]

1. d4 g6 2. e4 d6 3. Nf3 Bg7 4. Be2 a6 5. O-O h6 6. Nc3 Nc6 7. Be3 e5 8. dxe5
dxe5 9. Qxd8+ Nxd8 10. a4 Ne7 11. Rfd1 Ne6 12. Nd5 Nc6 13. c3 O-O 14. b4 f5 15.
b5 Na5 16. exf5 gxf5 17. Ne7+ Kh7 18. Nxf5 Rxf5 19. Bd3 Ng5 20. Nxg5+ Kh8 21.
Bxf5 Bxf5 22. Nf7+ Kg8 23. Nxh6+ Bxh6 24. Bxh6 Nb3 25. Ra3 Bc2 26. Rd7 axb5 27.
Rxc7 bxa4 28. Rxb7 Rd8 29. h4 Rd1+ 30. Kh2 Nc5 31. Rg7+ Kh8 32. Re7 e4 33. h5
Nd3 34. Be3 Nb2 35. Bd4+ Kg8 36. Rc7 e3 37. fxe3 Rd2 38. h6 1-0

[Event "36. Copenhagen Open (Politiken Cup)"]
[Site "Elsinore"]
[Date "2014.07.21"]
[Round "1"]
[White "Hector, Jonny"]
[Black "Sorensen, Dick"]
[Result "1-0"]
[WhiteElo "2483"]
[BlackElo "1977"]
[PlyCount "49"]
[EventDate "2014.07.21"]
[EventType "swiss"]
[EventRounds "10"]
[EventCountry "DEN"]
[Source "ChessBase"]
[SourceDate "2014.08.29"]

1. e4 c5 2. Nc3 e6 3. Nf3 a6 4. d4 cxd4 5. Nxd4 Qc7 6. Bd3 Nc6 7. Nxc6 bxc6 8.
Qe2 d6 9. O-O Nf6 10. Na4 Be7 11. c4 c5 12. Bg5 Bb7 13. Rad1 O-O 14. Bb1 Rfe8
15. Nc3 Rad8 16. Rd3 e5 17. Rg3 Kh8 18. f4 Rg8 19. Rh3 Bc8 20. Nd5 Qb7 21. Nxf6
Bxh3 22. Nxh7 g6 23. Nf6 Kg7 24. Nxg8 Bxg5 25. fxg5 1-0

[Event "36. Copenhagen Open (Politiken Cup)"]
[Site "Elsinore"]
[Date "2014.07.21"]
[Round "1"]
[White "Hedlerfog, Robert"]
[Black "Rossen, Claus"]
[Result "0-1"]
[WhiteElo "1678"]
[BlackElo "2123"]
[PlyCount "78"]
[EventDate "2014.07.21"]
[EventType "swiss"]
[EventRounds "10"]
[EventCountry "DEN"]
[Source "ChessBase"]
[SourceDate "2014.08.29"]

1. c3 Nf6 2. Qc2 d5 3. d3 e5 4. e4 Nc6 5. Bg5 Be6 6. Be2 h6 7. Bh4 d4 8. Nf3
Be7 9. Nbd2 Nd7 10. Bg3 O-O 11. h3 f5 12. exf5 Bxf5 13. Qb3+ Kh8 14. Qxb7 Na5
15. Qb5 c6 16. Qa4 dxc3 17. bxc3 Nc5 18. Qd1 Nxd3+ 19. Kf1 e4 20. Nd4 Bh4 21.
Kg1 Bxg3 22. fxg3 Qg5 23. Nxf5 Qxf5 24. Bxd3 exd3 25. Kh2 Qd5 26. Rf1 Rae8 27.
Qa4 Rxf1 28. Rxf1 Re2 29. Rf8+ Kh7 30. Nf3 Nc4 31. Qxa7 Ne3 32. Qb8 Nxg2 33. c4
Nh4+ 34. Kg1 Nxf3+ 35. Kf1 d2 36. Rh8+ Kg6 37. Qb1+ Qe4 38. Qxe4+ Rxe4 39. Rd8
Nd4 0-1

[Event "36. Copenhagen Open (Politiken Cup)"]
[Site "Elsinore"]
[Date "2014.07.21"]
[Round "1"]
[White "Henrichsen, Jens"]
[Black "Tari, Aryan"]
[Result "0-1"]
[WhiteElo "1959"]
[BlackElo "2412"]
[PlyCount "56"]
[EventDate "2014.07.21"]
[EventType "swiss"]
[EventRounds "10"]
[EventCountry "DEN"]
[Source "ChessBase"]
[SourceDate "2014.08.29"]

1. d4 Nf6 2. c4 g6 3. Nc3 d5 4. cxd5 Nxd5 5. e4 Nxc3 6. bxc3 Bg7 7. Be3 c5 8.
Qd2 O-O 9. Nf3 Qa5 10. Rc1 Rd8 11. Be2 e6 12. Rd1 b6 13. O-O Bb7 14. e5 Nc6 15.
Bg5 Rd7 16. Bf6 cxd4 17. cxd4 Bxf6 18. exf6 Qf5 19. Qh6 Qxf6 20. Bb5 Rd5 21.
Bxc6 Bxc6 22. Ne5 Bb5 23. Rfe1 Rad8 24. Ng4 Qg7 25. Qf4 Rxd4 26. Nf6+ Qxf6 27.
Qxf6 Rxd1 28. Qe5 Rxe1+ 0-1

[Event "36. Copenhagen Open (Politiken Cup)"]
[Site "Elsinore"]
[Date "2014.07.21"]
[Round "1"]
[White "Hoiberg, Nina"]
[Black "Rose, Dennis Lauge"]
[Result "1-0"]
[WhiteElo "2224"]
[BlackElo "1839"]
[PlyCount "57"]
[EventDate "2014.07.21"]
[EventType "swiss"]
[EventRounds "10"]
[EventCountry "DEN"]
[Source "ChessBase"]
[SourceDate "2014.08.29"]

1. e4 c5 2. Nf3 Nc6 3. d4 cxd4 4. Nxd4 e5 5. Nf3 Nf6 6. Bc4 Bc5 7. Nc3 d6 8. h3
h6 9. O-O a6 10. Qe2 b5 11. Bd5 Nxd5 12. Nxd5 Be6 13. Rd1 O-O 14. Be3 Bxe3 15.
Nxe3 Qd7 16. Rd2 f5 17. exf5 Bxf5 18. Nxf5 Rxf5 19. Rad1 e4 20. Qxe4 Rf6 21.
Ne5 Nxe5 22. Qxa8+ Kh7 23. Qe4+ Ng6 24. Rd5 Kg8 25. Qb4 Qf7 26. Rxd6 Rf4 27.
Qb3 Rc4 28. Qd3 Nf4 29. Rd8+ 1-0

[Event "36. Copenhagen Open (Politiken Cup)"]
[Site "Elsinore"]
[Date "2014.07.21"]
[Round "1"]
[White "Hoyer, Jacob K"]
[Black "Jorgensen, Alexander Torp"]
[Result "1-0"]
[WhiteElo "2200"]
[BlackElo "1762"]
[PlyCount "71"]
[EventDate "2014.07.21"]
[EventType "swiss"]
[EventRounds "10"]
[EventCountry "DEN"]
[Source "ChessBase"]
[SourceDate "2014.08.29"]

1. d4 Nf6 2. c4 g6 3. Nc3 Bg7 4. e4 d6 5. f3 O-O 6. Be3 Nbd7 7. Qd2 c5 8. Nge2
a6 9. Rd1 Qa5 10. Ng3 e6 11. Be2 h5 12. O-O h4 13. Nh1 Nh5 14. dxc5 dxc5 15. f4
Bxc3 16. bxc3 Nhf6 17. Nf2 b5 18. e5 Ne8 19. Ne4 bxc4 20. Qe1 Bb7 21. Ng5 Ndf6
22. exf6 Nxf6 23. Bxc4 Qa4 24. Bb3 Qc6 25. Rd2 Rad8 26. Bd1 Qb5 27. Bf3 Bxf3
28. Rxf3 Rxd2 29. Qxd2 Qb1+ 30. Rf1 Qb6 31. c4 Rd8 32. Qc3 Ng4 33. Bc1 f6 34.
h3 fxg5 35. hxg4 Qb1 36. Bb2 1-0

[Event "36. Copenhagen Open (Politiken Cup)"]
[Site "Elsinore"]
[Date "2014.07.21"]
[Round "1"]
[White "Hvenekilde, Jorgen"]
[Black "Fossan, Benjamin"]
[Result "1-0"]
[WhiteElo "2122"]
[BlackElo "1676"]
[PlyCount "87"]
[EventDate "2014.07.21"]
[EventType "swiss"]
[EventRounds "10"]
[EventCountry "DEN"]
[Source "ChessBase"]
[SourceDate "2014.08.29"]

1. e4 c5 2. Nf3 g6 3. d4 cxd4 4. Nxd4 Bg7 5. Nc3 Nc6 6. Be3 Nf6 7. Be2 O-O 8.
O-O d5 9. Nxc6 bxc6 10. exd5 Nxd5 11. Nxd5 cxd5 12. c3 a5 13. Bf3 e6 14. Qd2
Ba6 15. Rfd1 Rb8 16. Rab1 Bc4 17. b3 Ba6 18. Rbc1 Rc8 19. Bh6 Bxh6 20. Qxh6 Qf6
21. Qe3 a4 22. Qb6 Ra8 23. Rxd5 Rfb8 24. Qd4 Qxd4 25. Rxd4 Bb7 26. Bxb7 Rxb7
27. b4 Rc8 28. Kf1 Rbc7 29. b5 a3 30. Rb4 Rxc3 31. Rxc3 Rxc3 32. b6 Rc8 33. Rb3
Rb8 34. Ke2 Kf8 35. Kd3 Ke7 36. Kc4 Kd7 37. Kb5 Rb7 38. Rxa3 Kc8 39. Ra8+ Kd7
40. Ra7 Kc8 41. Kc6 f5 42. Rxb7 e5 43. Rxh7 Kd8 44. b7 1-0

[Event "36. Copenhagen Open (Politiken Cup)"]
[Site "Elsinore"]
[Date "2014.07.21"]
[Round "1"]
[White "Ikeda, Junta"]
[Black "Greeuw, Sietske"]
[Result "1-0"]
[WhiteElo "2402"]
[BlackElo "1949"]
[PlyCount "63"]
[EventDate "2014.07.21"]
[EventType "swiss"]
[EventRounds "10"]
[EventCountry "DEN"]
[Source "ChessBase"]
[SourceDate "2014.08.29"]

1. e4 c5 2. Nf3 Nc6 3. d4 cxd4 4. Nxd4 e5 5. Nb5 d6 6. c4 Be7 7. N1c3 a6 8. Na3
f5 9. exf5 Bxf5 10. Bd3 Be6 11. Nc2 Nf6 12. Ne3 O-O 13. O-O Nd4 14. b3 b5 15.
Ncd5 Rb8 16. Bb2 Nc6 17. Rc1 b4 18. Qc2 g6 19. Rfd1 Kg7 20. Be2 Nd7 21. Nxe7
Qxe7 22. Qd2 Qf7 23. Rf1 Rb6 24. f4 Nf6 25. c5 Rbb8 26. cxd6 Ne4 27. Qd3 Nc3
28. Bxc3 bxc3 29. fxe5 Qd7 30. Qxc3 Rxf1+ 31. Bxf1 Nb4 32. Qc7 1-0

[Event "36. Copenhagen Open (Politiken Cup)"]
[Site "Elsinore"]
[Date "2014.07.21"]
[Round "1"]
[White "Inhoven, Stefan"]
[Black "Haagen Larsen, Hans"]
[Result "1-0"]
[WhiteElo "2124"]
[BlackElo "1683"]
[PlyCount "143"]
[EventDate "2014.07.21"]
[EventType "swiss"]
[EventRounds "10"]
[EventCountry "DEN"]
[Source "ChessBase"]
[SourceDate "2014.08.29"]

1. Nf3 d6 2. d4 g6 3. g3 Bg7 4. Bg2 Nc6 5. O-O e5 6. c3 f5 7. d5 Nce7 8. Ng5 c6
9. Qa4 e4 10. f3 b5 11. Qb3 Qb6+ 12. Kh1 h6 13. Ne6 Bxe6 14. dxe6 d5 15. a4 Nf6
16. axb5 O-O 17. Qa3 Rfe8 18. bxc6 Qxc6 19. Qa6 Rec8 20. Be3 Kf8 21. Nd2 Rcb8
22. Qxc6 Nxc6 23. Ra6 Ne7 24. b4 Ne8 25. Nb1 Nc7 26. Rxa7 Nxe6 27. Rxa8 Rxa8
28. fxe4 dxe4 29. Bxe4 Ra2 30. Bd3 Ra1 31. Kg2 Nd5 32. Bd2 Ke7 33. c4 Ndc7 34.
b5 Nc5 35. Bc3 Bxc3 36. Nxc3 Ra3 37. Nb1 Rb3 38. Rd1 N7e6 39. Nd2 Rb2 40. Kf2
Na4 41. Nf3 Kf6 42. Rb1 Nec5 43. Rxb2 Nxb2 44. Ke3 Ke6 45. Kd2 Nba4 46. Kc2 Kf6
47. Nd4 Ke5 48. Nb3 Kd6 49. Nd4 Ke5 50. Nf3+ Kf6 51. Kb1 Nc3+ 52. Kb2 N3a4+ 53.
Ka3 Nb6 54. Kb4 Nbd7 55. Nh4 Ne6 56. e3 Nc7 57. Bf1 Ne6 58. Bg2 g5 59. Bc6 Ne5
60. Ng2 Ke7 61. Bd5 Nd3+ 62. Kc3 Ndc5 63. Bxe6 Nxe6 64. Ne1 Nc5 65. Nd3 Ne4+
66. Kb4 h5 67. c5 Kd7 68. b6 Nf6 69. Kb5 Nd5 70. c6+ Kc8 71. Nc5 f4 72. b7+ 1-0

[Event "36. Copenhagen Open (Politiken Cup)"]
[Site "Elsinore"]
[Date "2014.07.21"]
[Round "1"]
[White "Jacobsen, Per"]
[Black "Mortensen, Jan T"]
[Result "0-1"]
[WhiteElo "1655"]
[BlackElo "2083"]
[PlyCount "80"]
[EventDate "2014.07.21"]
[EventType "swiss"]
[EventRounds "10"]
[EventCountry "DEN"]
[Source "ChessBase"]
[SourceDate "2014.08.29"]

1. b3 c5 2. Bb2 Nc6 3. Nf3 Nf6 4. e3 e6 5. Be2 d5 6. d4 cxd4 7. Nxd4 Bb4+ 8. c3
Nxd4 9. Qxd4 Bd6 10. Nd2 O-O 11. O-O e5 12. Qh4 Ng4 13. Qxd8 Rxd8 14. h3 Nh6
15. c4 Bb4 16. Nf3 f6 17. cxd5 Bf5 18. a3 Ba5 19. b4 Bb6 20. Bc4 Rac8 21. Bb3
Be4 22. d6+ Kf8 23. Nd2 Bd3 24. Rfc1 Rxc1+ 25. Rxc1 Nf5 26. a4 Rxd6 27. a5 Bd8
28. Ba3 Bb5 29. Ne4 Rc6 30. Rd1 Be7 31. Kh2 Ke8 32. Bd5 Rc7 33. Be6 Bd7 34.
Rxd7 Rxd7 35. Bxd7+ Kxd7 36. Nd2 Kc6 37. g4 Nd6 38. Nb1 Nb5 39. f4 Nxa3 40.
Nxa3 Bxb4 0-1

[Event "36. Copenhagen Open (Politiken Cup)"]
[Site "Elsinore"]
[Date "2014.07.21"]
[Round "1"]
[White "Jensen, Michael Agermose"]
[Black "Moiseenko, Alexander"]
[Result "0-1"]
[WhiteElo "2011"]
[BlackElo "2707"]
[PlyCount "46"]
[EventDate "2014.07.21"]
[EventType "swiss"]
[EventRounds "10"]
[EventCountry "DEN"]
[Source "ChessBase"]
[SourceDate "2014.08.29"]

1. e4 e5 2. f4 d5 3. exd5 exf4 4. Nf3 Nf6 5. Bc4 Nxd5 6. O-O Be6 7. Bb3 c5 8.
d3 Nc6 9. Qe2 Be7 10. Bxd5 Qxd5 11. Bxf4 Nd4 12. Nxd4 Qxd4+ 13. Kh1 Qxb2 14.
Be5 Qb6 15. Nc3 Qc6 16. Rae1 O-O-O 17. Rb1 a6 18. Rb2 Rd7 19. Rfb1 Bd8 20. Ne4
Re8 21. Rxb7 Rxb7 22. Nd6+ Qxd6 23. Rxb7 Bd5 0-1

[Event "36. Copenhagen Open (Politiken Cup)"]
[Site "Elsinore"]
[Date "2014.07.21"]
[Round "1"]
[White "Jensen, Morten Frank"]
[Black "Edouard, Romain"]
[Result "0-1"]
[WhiteElo "2005"]
[BlackElo "2679"]
[PlyCount "52"]
[EventDate "2014.07.21"]
[EventType "swiss"]
[EventRounds "10"]
[EventCountry "DEN"]
[Source "ChessBase"]
[SourceDate "2014.08.29"]

1. e4 c5 2. Nf3 d6 3. Nc3 Nf6 4. e5 dxe5 5. Nxe5 g6 6. Bc4 e6 7. d3 Bg7 8. Qe2
O-O 9. Bg5 Qc7 10. Nb5 Qb6 11. O-O-O Nd5 12. Ng4 a6 13. Bxd5 exd5 14. Nc3 Bxg4
15. Qxg4 Nc6 16. h4 Nb4 17. h5 h6 18. Be7 Rfe8 19. Rde1 Nxa2+ 20. Kd2 Nxc3 21.
bxc3 Qb2 22. d4 cxd4 23. cxd4 Rxe7 24. hxg6 f5 25. Qxf5 Qxd4+ 26. Kc1 Rf8 0-1